Statistics for Norway First Level Subdivisions

Click here to take the quiz!

General Stats

  • This quiz has been taken 51 times
    (50 since last reset)
  • The average score is 6 of 14

Answer Stats

Fylker% Correct
Oslo
93%
Svalbard
70%
Nordland
63%
Trøndelag
52%
Møre og Romsdal
44%
Viken
44%
Jan Mayen
44%
Vestland
41%
Agder
37%
Rogaland
37%
Innlandet
33%
Troms og Finnmark
30%
Vestfold og Telemark
30%
Bouvet Island
22%

Score Distribution

Percentile by Number Answered

Percent of People with Each Score

Your Score History

You have not taken this quiz since the last reset